| 000 | 00554 a2200169 4500 | ||
|---|---|---|---|
| 020 | _a9780521876254 | ||
| 040 |
_aDLC _bDLC |
||
| 082 | 0 | 0 | _a006.332 |
| 100 | _aBaader, Franz | ||
| 245 | 0 | 4 |
_aThe description logic handbook: theory, implementation and applications _btheory, implementation and applications _cFranz Baader |
| 250 | _a2nd ed. | ||
| 260 |
_aCambridge ; _aNew York : _bCambridge University Press, _c2007. |
||
| 300 |
_axix, 601 p. : _bill. ; _c26 cm. |
||
| 650 | 0 | _aDescription logics | |
| 700 | 1 | _aBaader, Franz. | |
| 942 |
_cBK _k006.332 BAA _2ddc |
||
| 999 |
_c9601 _d9601 |
||